000 00645nam a2200241 i 4500
001 C2-0123360
003 PPAK
005 20180727114327.0
008 970902s1983 si a|||| ||||| | eng d
020 _a9971403889
040 _aPPAK
_beng
_cPPAK
_erda
082 0 4 _a823
_223
090 0 0 _a823
_bLOY
_dK
100 1 _aLoy, David,
_eauthor
245 1 4 _aThe last Troll in Singapore
264 1 _aSingapore :
_bFederal ,
_c1983
300 _a60 pages :
_billustrations ;
_c18 cm
336 _2rdacontent
_atext
337 _2rdamedia
_aunmediated
338 _2rdacarrier
_avolume
650 1 0 _aChildren's stories, English
942 _ddc
_cB
999 _c35906
_d35906